00720nam a2200181 a 4500003000200000005001700002008004100019050003300060100003900093245008000132260009300212300004000305504004100345650004400386650003400430650004100464650003300505020250225142813.0100827s19uu xx 00 eng d aPGS PN 1995.9.C4b.W553 2010 aWharton, Carl John William Fabian. aMovie preferences and its consequences /cCarl John William Fabian Wharton. aLas Piñas City, Philippines : bSouthville International School and Colleges, c2010. a22 pages :billustrations ;c28 cm. aIncludes bibliographical references. aMotion picturesvPsychological aspects. aMotion pictures and children. aInterpersonal relations in children. aMedia influence on children.